30 Rock Characters - Statistics

General Stats
  • This quiz has been taken 76 times
  • The average score is 23 of 45
Answer Stats
Hint Answer % Correct
Main character Liz Lemon
100%
Male central cast member of TGS Tracy Jordan
98%
Executive; main character's mentor Jack Donaghy
96%
Fanatic NBC page Kenneth Parcell
96%
Female central cast member of TGS Jenna Maroney
91%
TGS writer who falls in love with an older woman Frank Rossitano
84%
Producer of TGS Pete Hornberger
79%
TGS writer who claims to be an Alaskan Inuit J.D. Lutz
72%
CEO of GE Don Geiss
70%
One of TGS star's entourage Dot Com
70%
TGS writer who went to Harvard James 'Toofer' Spurlock
70%
One of TGS star's entourage Grizz
68%
Ditzy TGS assistant Cerie Xerox
65%
Main character's recurring deadbeat boyfriend Dennis Duffy
65%
Doctor for most of the TGS cast & crew Dr Leo Spaceman
61%
Executive's second wife Avery Jessup
56%
Main character's eventual husband Criss Chros
56%
TGS male star's wife Angie Jordan
54%
Main character's pilot boyfriend Carol Burnett
54%
TGS cast member who quit in Season 4 Josh Girard
54%
TGS female star's eventual husband Paul L'Astname
54%
CEO's odd daughter Kathy Geiss
53%
Executive's gay nemesis Devon Banks
51%
Main character's lawyer boyfriend Floyd DeBarber
51%
Executive's main assistant Jonathan
51%
Executive's critical mother Colleen Donaghy
47%
TGS cast member who joined in Season 4 Danny Baker
47%
Main character's begrudging fiance Wesley Snipes
46%
Executive's congresswoman girlfriend Cece Cunningham
44%
Executive's childhood love Nancy Donovan
40%
TGS writer who is both Dutch and French Sue Laroche-Vanderhoot
39%
Main character's not-so-smart doctor boyfriend Drew Baird
33%
Executive's Puerto Rican fiancee Elisa Pedriera
33%
Fame-hungry female page Hazel Wassername
33%
Executive's first wife Bianca Donaghy
32%
Executive's long-lost father Milton Greene
32%
Executive's British fiancee Phoebe
32%
CEO of Kabletown Hank Hooper
30%
Executive's private investiagor Len Wosniak
26%
Executive's teenage nemesis Kaylie Hooper
25%
Fabulous gay hairdresser D'Fwan
21%
Recurring Indian janitor Subhas
19%
NBC Human Resources employee Jeffrey Weinerslav
18%
Executive's wife's lover Scott Scotsman
14%
Executive's mother-in-law/love interest Diana Jessup
12%
No matching quizzes found
Score Distribution
Percent of People with Each Score
Percentile by Number Answered
Your Score History
You have not taken this quiz